Silicon Valley Greats: Indians who made a Difference to Technology and the world (Record no. 125)

MARC details
000 -LEADER
fixed length control field 00434nam a22001577a 4500
005 - DATE AND TIME OF LATEST TRANSACTION
control field 20160427153244.0
008 - FIXED-LENGTH DATA ELEMENTS--GENERAL INFORMATION
fixed length control field 160427b xxu||||| |||| 00| 0 eng d
020 ## - INTERNATIONAL STANDARD BOOK NUMBER
ISBN 81-2591464-1
041 ## - LANGUAGE CODE
Language code of text/sound track or separate title eng
082 ## - DEWEY DECIMAL CLASSIFICATION NUMBER
Item number 00402
100 ## - MAIN ENTRY--AUTHOR NAME
Personal name Kshatriy, S.S.
245 ## - TITLE STATEMENT
Title Silicon Valley Greats: Indians who made a Difference to Technology and the world
260 ## - PUBLICATION, DISTRIBUTION, ETC. (IMPRINT)
Place of publication New Delhi
Name of publisher Vikas Publishing House,
Year of publication 2003
300 ## - PHYSICAL DESCRIPTION
Number of Pages 286
942 ## - ADDED ENTRY ELEMENTS (KOHA)
Koha item type Books
Holdings
Lost status Damaged status Collection code Home library Current library Shelving location Date acquired Cost, normal purchase price Full call number Accession Number Koha item type
    LIFE SKILL JRU Library JRU Library SHELF-102-J 27/04/2016 180.00 920 00402 Books